000 00528nam a22001937a 4500
001 BT-PhCST
003 BT-PhCST
005 20190204172200.0
008 161010b xxu||||| |||| 00| 0 eng d
040 _aBT-PhCST
_cBT-PhCST
_dBT-PhCST
050 _a476
082 _222
_a621.3104220
100 _aStill, Alfred and Siskind, Charles S
245 _aElements of electrical machines desing /
250 _a3rd
260 _a22
_bNew York,
_cMcGraw- Hill Company,
300 _aill. ;
_bxx, 445 p. ;
_c23 cm.
942 _2ddc
_cEE
999 _c6481
_d6481